Tổ hợp phương pháp ảnh điện 2D và địa chấn 2D trong khảo sát địa chất tầng nông : Luận văn thạc sĩ vật lý. Chuyên ngành : Vật lý kỹ thuật

Luận văn trình bày lý thuyết ảnh điện 2 chiều, cơ sở toán học của phương pháp ảnh điện 2D, bao gồm bài toán thuận và bài toán ngược trong thăm dò điện. Giới thiệu phương pháp địa chấn khúc xạ, kết quả ứng dụng tổ hợp hai phương pháp a...

ver descrição completa

Na minha lista:
Detalhes bibliográficos
Autor principal: Lâm, Ngọc Huệ
Formato: Livro
Idioma:Undetermined
Publicado em: Cần Thơ Trường Đại học Cần Thơ 2010
Assuntos:
Tags: Adicionar Tag
Sem tags, seja o primeiro a adicionar uma tag!
Thư viện lưu trữ: Trung tâm Học liệu Trường Đại học Cần Thơ
LEADER 01487nam a2200229Ia 4500
001 CTU_157370
008 210402s9999 xx 000 0 und d
082 |a 622.15 
082 |b H507 
088 |a 60440103 
100 |a Lâm, Ngọc Huệ 
245 0 |a Tổ hợp phương pháp ảnh điện 2D và địa chấn 2D trong khảo sát địa chất tầng nông : 
245 0 |b Luận văn thạc sĩ vật lý. Chuyên ngành : Vật lý kỹ thuật 
245 0 |c Lâm Ngọc Huệ; Nguyễn Thành Vấn (Hướng dẫn khoa học) 
260 |a Cần Thơ 
260 |b Trường Đại học Cần Thơ 
260 |c 2010 
520 |a Luận văn trình bày lý thuyết ảnh điện 2 chiều, cơ sở toán học của phương pháp ảnh điện 2D, bao gồm bài toán thuận và bài toán ngược trong thăm dò điện. Giới thiệu phương pháp địa chấn khúc xạ, kết quả ứng dụng tổ hợp hai phương pháp ảnh điện 2D và địa chấn khúc xạ để giải quyết một số nhiệm vụ cụ thể. 
650 |a Prospecting,Geophysics,Geographic information systems,Sự thăm dò,Địa vật lý 
650 |x Geophysical methods,Methodology,Phương pháp địa vật lý,Phương pháp 
904 |i Năm 
980 |a Trung tâm Học liệu Trường Đại học Cần Thơ